| 000 | 01107nam a22002777a 4500 | ||
|---|---|---|---|
| 003 | dpl | ||
| 005 | 20180721134112.0 | ||
| 008 | 180721b xxu||||| |||| 00| 0 eng d | ||
| 010 | _aA-814232 | ||
| 020 |
_c100.00 _a8171350143 |
||
| 035 | _aA-814232, A-814242 | ||
| 037 | _bCen Lib/Ret | ||
| 040 |
_aDPL _bHN _c0 |
||
| 082 |
_aउ _bबिनिवा |
||
| 100 |
_aबिनिवाले, अविनाश _971788 |
||
| 245 |
_aबोमदिला / _cअविनाश बिनिवाले |
||
| 246 |
_aBomdila / _bby Avinash Biniwala |
||
| 260 |
_aनई दिल्ली _bविधा प्रकाशन मंदिर _c1996 |
||
| 270 |
_a1681, दरियागंज _bनई दिल्ली _e110002 |
||
| 300 |
_a136पृ. : _c21सेमी(सजिल्द) _bसचित्र |
||
| 650 |
_aहिंदी साहित्य _971789 |
||
| 650 |
_aहिंदी साहित्य--उपन्यास _91009 |
||
| 650 |
_aHindi literature _971790 |
||
| 650 |
_aHindi literature--Novel _971791 |
||
| 942 |
_2ddc _cHN _hउ _mबिनिवा |
||
| 999 |
_c117411 _d117411 |
||